00462nam a2200157Ia 4500001000500000005001700005008004100022041000800063082001700071100003600088245012700124260000900251300002800260650000800288654000800296401020260306145724.0260306t1993||||xx |||||||||||||| ||spa|| aESP a306.42bV935 aVelasco Maillo, Honorio M.eAUT 0aLecturas de antropologia para educadores:bel ámbito de la antropología de la educación y de la etnografía escolar c1993 a461 páginas :c23 cm. aGEN aCHU